Normale Ansicht MARC-Ansicht ISBD

Die Kunstdenkmäler der Stadt Köln (Titelsatznr. 80188)

[ MARC ]
MARC-Details
000 -Satzkennung
Kontrollfeld mit fester Länge 01452cam a22003492 c4500
001 - Kontrollnummer
Kontrollfeld 069977135
003 - Kontrollnummer Identifier
Kontrollfeld DE-627
005 - Datum und Zeit der letzten Transaktion
Kontrollfeld 20201126120403.0
007 - Feld mit fester Länge zur physischen Beschreibung - Allgemeine Information
Kontrollfeld mit fester Länge tu
008 - Feld mit fester Länge zur physischen Beschreibung - Allgemeine Angaben
Kontrollfeld mit fester Länge 001015s1906 xx ||||| 00| ||und c
035 ## - Systemkontrollnummer
System-Kontrollnummer (DE-627)069977135
035 ## - Systemkontrollnummer
System-Kontrollnummer (DE-599)GBV069977135
035 ## - Systemkontrollnummer
System-Kontrollnummer (OCoLC)831203079
040 ## - Katalogisierungsquelle
Original-Katalogisierungsstelle DE-627
Katalogisierungssprache ger
Übertragungsstelle DE-627
Beschreibungsfestlegungen rakwb
Bearbeitungsstelle STAFF
245 10 - Titel
Titel Die Kunstdenkmäler der Stadt Köln
Zählung des Teils/der Abteilung eines Werkes Bd 1,Abt. 2
Titel eines Teils/einer Abteilung eines Werkes Quellen / Johannes Krudewig. Joseph Klinkenberg: Das römische Köln
Verfasserangabe etc. im Auftr. des Provinzialverbandes der Rheinprovinz in Verb. mit ... hrsg. von Paul Clemen
264 #1 - Produktion, Veröffentlichung, Distribution, Herstellung und Urheberrechtsvermerk
Herstellungs-, Veröffentlichungs- Vertriebs-, Erzeugungsort Düsseldorf
Produzent, Herausgeber, Distributor, Hersteller Schwann
Datum der Herstellung, der Veröffentlichung, des Vertriebs oder des Urheberschutzvermerks 1906
300 ## - Physische Beschreibung
Umfang X, 393 S
336 ## - Inhaltstyp
Inhaltstypterm Text
Inhaltstypcode txt
Quelle rdacontent
337 ## - Medientyp
Bezeichnung des Medientyps ohne Hilfsmittel zu benutzen
Medientypcode n
Quelle rdamedia
338 ## - Datenträgertyp
Datenträgertypbezeichnung Band
Datenträgertypcode nc
Quelle rdacarrier
490 0# - Gesamttitelangabe
Gesamttitelangabe Die Kunstdenkmäler der Rheinprovinz; 6,2
951 ## - EQUIVALENCE OR CROSS-REFERENCE--GEOGRAPHIC NAME/AREA NAME [OBSOLETE] [CAN/MARC only]
Geografischer Name MV
700 1# - Nebeneintragung - Personenname
Personenname Krudewig, Johannes
Code für Beziehungskennzeichnung oth
700 1# - Nebeneintragung - Personenname
Personenname Klinkenberg, Joseph
IDN des Normdatensatzes oder Standardnummer (DE-588)1157576362
-- (DE-627)1021365939
-- (DE-576)503080039
Code für Beziehungskennzeichnung oth
700 1# - Nebeneintragung - Personenname
Personenname Clemen, Paul
Datumsangaben in Verbindung mit einem Namen 1866-1947
IDN des Normdatensatzes oder Standardnummer (DE-588)118521187
-- (DE-627)134376684
-- (DE-576)160590329
Code für Beziehungskennzeichnung oth
710 2# - Nebeneintragung - Körperschaftsname
Körperschafts- oder Gebietskörperschaftsname als Eintragungselement Des Provinzialverbandes der Rheinprovinz
Code für Beziehungskennzeichnung oth
710 2# - Nebeneintragung - Körperschaftsname
Körperschafts- oder Gebietskörperschaftsname als Eintragungselement Des Provinzialverbandes der Rheinprovinz und der Stadt Köln
Code für Beziehungskennzeichnung oth
710 2# - Nebeneintragung - Körperschaftsname
Körperschafts- oder Gebietskörperschaftsname als Eintragungselement Des Provinzialverbandes der Rheinprovinz und mit Unterstützung der Stadt Köln
Code für Beziehungskennzeichnung oth
773 18 - Übergeordnete Einheit
Datensatzkontrollnummer (DE-627)069977119
Verknüpfungsangaben Bd 1,Abt. 2
Zählung und erste Seite 1,2.1906
942 ## - Zusätzliche Felder (Koha)
Klassifikation oder Aufstellungssystematik Andere/Generische Klassifikation
Koha-Medientyp Monographien
Exemplare
Ausgeschieden Verloren Klassifikation oder Aufstellungssystematik Beschädigt Nicht entleihbar Heimatbibliothek Aufenthaltsbibliothek Aufstellungsort Erwerbungsdatum Kodierter Standort-Qualifier Anzahl Ausleihen Signatur Letzte Aktivität Exemplarnummer Preis gültig von Koha-Medientyp OPAC-Notiz
    Andere/Generische Klassifikation     Stadtarchiv Frankfurt (Oder) | Archivbibliothek Stadtarchiv Frankfurt (Oder) | Archivbibliothek Magazin 26/11/2020 M   III: 1892 26/11/2020 125/2020 26/11/2020 Monographien Nachlass Kießling